| 000 | 00512nam a2200133Ia 4500 | ||
|---|---|---|---|
| 008 | 260210s9999 xx 000 0 und d | ||
| 024 | _a13B-036-EL, 13B-040-EL, 13B-061-EL & 13B-068-EL | ||
| 082 | _a621.38456072 ANW | ||
| 100 | _aAnwar Ul Hassan, Salman Shaikh, M. Daniyal Khan & M. Adil Ali Mallah | ||
| 245 | 0 | _aMonitoring and Controlling of Transformer and Transmission lines through GSM | |
| 260 |
_aKarachi: _bUITU, _c2013 |
||
| 600 | _aPower Engineering | ||
| 650 | _aBachelor of Engineering (BE) | ||
| 999 |
_c33321 _d33321 |
||